[Event "Voronezh op 16th"]
[Site "Voronezh"]
[Date "2012.06.12"]
[Round "1"]
[White "Avdeeva, Veronika"]
[Black "Ulko, Jaroslav"]
[Result "0-1"]
[WhiteElo "2180"]
[BlackElo "2460"]
[PlyCount "88"]
[EventDate "2012.06.12"]
[EventType "swiss"]
[EventRounds "9"]
[EventCountry "RUS"]
[SourceTitle "CBM 149 Extra"]
[Source "ChessBase"]
[SourceDate "2012.08.24"]
[SourceVersion "1"]
[SourceVersionDate "2012.08.24"]
[SourceQuality "1"]

1. d4 Nf6 2. c4 g6 3. Nc3 Bg7 4. e4 d6 5. h3 0-0 6. Bg5 c5 7. d5 e6 8. Bd3 exd5 9. cxd5 h6 10. Be3 Re8 11. Nf3 Bd7 12. 0-0 b5 13. a3 b4 14. axb4 cxb4 15. Na4 Bxa4 16. Rxa4 Nxe4 17. Rxb4 Nc5 18. Bb1 a5 19. Rh4 Nbd7 20. Bxh6 Bxh6 21. Rxh6 Qf6 22. Qc1 Rab8 23. Rh4 Rxb2 24. Qh6 Qg7 25. Qc1 Reb8 26. Bc2 R2b4 27. Rxb4 axb4 28. Qf4 Qf6 29. Qe3 Ne5 30. Nxe5 Qxe5 31. Qxe5 dxe5 32. Rb1 Kf8 33. Bb3 Nxb3 34. Rxb3 Ke7 35. Kf1 Kd6 36. Ke2 Kxd5 37. Kd3 e4+ 38. Kc2 Kc4 39. Re3 f5 40. g4 Re8 41. gxf5 gxf5 42. Rg3 f4 43. Rg4 b3+ 44. Kb2 Rf8 0-1

[Event "Voronezh Region-ch"]
[Site "Voronezh"]
[Date "2011.12.14"]
[Round "5"]
[White "Zhurikhin, Alexander"]
[Black "Avdeeva, Veronika"]
[Result "1-0"]
[WhiteElo "2239"]
[BlackElo "2165"]
[PlyCount "111"]
[EventDate "2011.12.09"]
[EventType "swiss"]
[EventRounds "9"]
[EventCountry "RUS"]
[SourceTitle "CBM 146 Extra"]
[Source "ChessBase"]
[SourceDate "2012.02.29"]
[SourceVersion "1"]
[SourceVersionDate "2012.02.29"]
[SourceQuality "1"]

1. e4 c5 2. Nf3 e6 3. c4 Nc6 4. Nc3 Nf6 5. Be2 d5 6. exd5 exd5 7. d4 cxd4 8. Nxd4 dxc4 9. Nxc6 Qxd1+ 10. Bxd1 bxc6 11. Bf3 Bb7 12. 0-0 Bb4 13. Re1+ Kf8 14. Rd1 Nd5 15. Nxd5 cxd5 16. Be3 Rd8 17. Bxa7 Ke7 18. Bb6 Rd6 19. Bd4 Rg6 20. h4 h5 21. b3 Ba8 22. Rab1 Bd6 23. b4 Rb8 24. b5 Bb7 25. b6 Ra8 26. Rb5 Ke6 27. Bxh5 Rh6 28. Bg4+ f5 29. Re1+ Kd7 30. Bf3 Rxh4 31. Bxg7 Rg8 32. Bf6 Rf4 33. Bxd5 Bxd5 34. Rxd5 Rfg4 35. Be5 Rxg2+ 36. Kf1 Rg1+ 37. Ke2 Rxe1+ 38. Kxe1 Ke6 39. Rxd6+ Kxe5 40. Rc6 Kd5 41. Rc7 Kd6 42. Rxc4 Rg1+ 43. Ke2 Rb1 44. Rh4 Rb2+ 45. Kf3 Rxa2 46. Rb4 Ra8 47. b7 Rb8 48. Kf4 Ke6 49. Rb6+ Kf7 50. Kxf5 Ke7 51. Ke5 Kd7 52. Kd5 Kc7 53. Kc5 Kd7 54. Rb1 Kc7 55. Rb2 Kd7 56. Kb6 1-0

[Event "Voronezh op-A 15th"]
[Site "Voronezh"]
[Date "2011.06.20"]
[Round "8"]
[White "Rjabzev, Konstantin"]
[Black "Avdeeva, Veronika"]
[Result "1/2-1/2"]
[WhiteElo "2290"]
[BlackElo "2145"]
[PlyCount "79"]
[EventDate "2011.06.12"]
[EventType "swiss"]
[EventRounds "9"]
[EventCountry "RUS"]
[SourceTitle "CBM 143 Extra"]
[Source "ChessBase"]
[SourceDate "2011.08.29"]
[SourceVersion "1"]
[SourceVersionDate "2011.08.29"]
[SourceQuality "1"]

1. e4 c5 2. b3 e6 3. Bb2 d6 4. Bb5+ Nc6 5. f4 Bd7 6. Nf3 Nf6 7. Bxc6 Bxc6 8. d3 d5 9. e5 Ng4 10. Qe2 d4 11. 0-0 Ne3 12. Rf2 Ng4 13. Rf1 Ne3 14. Rc1 Be7 15. Ba3 Nd5 16. Qd2 b5 17. Rf1 b4 18. Bc1 Ne3 19. Rf2 Ng4 20. Rf1 Ne3 21. Rf2 g5 22. fxg5 Bxg5 23. Qe2 Rg8 24. Nbd2 Bh4 25. Nxh4 Qxh4 26. Ne4 Bxe4 27. dxe4 Qxe4 28. Qb5+ Kf8 29. Bxe3 dxe3 30. Qxc5+ Kg7 31. Rf3 e2 32. Re3 Rac8 33. Rxe4 Rxc5 34. Rxe2 Rgc8 35. a3 bxa3 36. Rxa3 Rxc2 37. Rxc2 Rxc2 38. Rxa7 Rc5 39. Rb7 Rxe5 40. Kf2 1/2-1/2

[Event "Voronezh-ch"]
[Site "Voronezh"]
[Date "2010.03.13"]
[Round "5"]
[White "Kostin, Alexey"]
[Black "Avdeeva, Veronika"]
[Result "1/2-1/2"]
[WhiteElo "2367"]
[BlackElo "2124"]
[PlyCount "37"]
[EventDate "2010.03.09"]
[EventType "swiss"]
[EventRounds "9"]
[EventCountry "RUS"]
[SourceTitle "CBM 135 Extra"]
[Source "ChessBase"]
[SourceDate "2010.05.04"]
[SourceVersion "1"]
[SourceVersionDate "2010.05.04"]
[SourceQuality "1"]

1. e4 c5 2. Nf3 d6 3. c3 Nf6 4. d3 Nbd7 5. g3 e6 6. Bg2 Be7 7. 0-0 0-0 8. Qe2 Qc7 9. a4 b6 10. Na3 Bb7 11. Bg5 a6 12. Nc4 b5 13. Ncd2 h6 14. Bf4 e5 15. Be3 d5 16. exd5 Bxd5 17. Nh4 Bxg2 18. Kxg2 Qc6+ 19. Qf3 1/2-1/2

[Event "Voronezh-ch sf op"]
[Site "Voronezh"]
[Date "2010.02.14"]
[Round "5.1"]
[White "Avdeeva, Veronika"]
[Black "Matveenko, Yury"]
[Result "0-1"]
[WhiteElo "2122"]
[BlackElo "2168"]
[PlyCount "60"]
[EventDate "2010.02.10"]
[EventType "swiss"]
[EventRounds "9"]
[EventCountry "RUS"]
[SourceTitle "EXT 2022"]
[Source "ChessBase"]
[SourceDate "2021.10.06"]
[SourceVersion "1"]
[SourceVersionDate "2021.10.06"]
[SourceQuality "1"]

1. d4 d6 2. c4 e5 3. Nf3 e4 4. Nfd2 f5 5. e3 Nf6 6. Nc3 c6 7. d5 c5 8. b3 g6 9. Bb2 Bg7 10. Qc2 Nbd7 11. f3 exf3 12. gxf3 Qe7 13. 0-0-0 a6 14. Bd3 Ne5 15. Na4 0-0 16. Nb6 Rb8 17. h4 Bd7 18. h5 Be8 19. Rdg1 Nxd3+ 20. Qxd3 Qd8 21. Na4 b5 22. Nc3 Rb7 23. Ne2 Nxh5 24. Rxh5 gxh5 25. Nf4 Bg6 26. Bxg7 Rxg7 27. Ne6 Qf6 28. Nxg7 Kxg7 29. cxb5 axb5 30. Qxb5 Qc3+ 0-1

[Event "Voronezh-ch sf op"]
[Site "Voronezh"]
[Date "2010.02.12"]
[Round "3.3"]
[White "Avdeeva, Veronika"]
[Black "Katkov, Vitaly"]
[Result "1-0"]
[WhiteElo "2122"]
[BlackElo "2052"]
[PlyCount "49"]
[EventDate "2010.02.10"]
[EventType "swiss"]
[EventRounds "9"]
[EventCountry "RUS"]
[SourceTitle "EXT 2022"]
[Source "ChessBase"]
[SourceDate "2021.10.06"]
[SourceVersion "1"]
[SourceVersionDate "2021.10.06"]
[SourceQuality "1"]

1. d4 c6 2. c4 Nf6 3. Nc3 d5 4. e3 e6 5. Nf3 Bd6 6. Qc2 0-0 7. Be2 a6 8. 0-0 b5 9. b3 Nbd7 10. e4 b4 11. e5 bxc3 12. exd6 c5 13. dxc5 Nxc5 14. b4 Nce4 15. c5 a5 16. Ba3 axb4 17. Bxb4 Ba6 18. Bxa6 Rxa6 19. Bxc3 Rc6 20. Bb4 Nxd6 21. Qa4 Qc8 22. cxd6 Rc4 23. Qb3 Qb8 24. Rab1 Ne4 25. Ne5 1-0

[Event "Voronezh-ch sf op"]
[Site "Voronezh"]
[Date "2010.02.10"]
[Round "1.7"]
[White "Avdeeva, Veronika"]
[Black "Kozhevnikov, Ivan"]
[Result "1-0"]
[WhiteElo "2122"]
[BlackElo "1834"]
[PlyCount "53"]
[EventDate "2010.02.10"]
[EventType "swiss"]
[EventRounds "9"]
[EventCountry "RUS"]
[SourceTitle "EXT 2022"]
[Source "ChessBase"]
[SourceDate "2021.10.06"]
[SourceVersion "1"]
[SourceVersionDate "2021.10.06"]
[SourceQuality "1"]

1. d4 Nf6 2. c4 e6 3. Nc3 b6 4. a3 Bb7 5. d5 Bd6 6. Nf3 0-0 7. e4 exd5 8. exd5 a5 9. Be2 Na6 10. Be3 Nc5 11. Nb5 Be7 12. Bf4 d6 13. b4 axb4 14. axb4 Rxa1 15. Qxa1 Na6 16. Qb1 Qd7 17. Nfd4 Bc8 18. 0-0 Ng4 19. h3 Ne5 20. Bd2 Bf6 21. f4 Ng6 22. Bg4 Qe8 23. Re1 Ne7 24. Nc6 Bxg4 25. hxg4 Bh4 26. Nxe7+ Bxe7 27. Qe4 1-0

[Event "RUS-chT (Women) 10th"]
[Site "Dagomys"]
[Date "2009.04.09"]
[Round "7"]
[White "Murashova, Ekaterina"]
[Black "Avdeeva, Veronika"]
[Result "0-1"]
[WhiteElo "2280"]
[BlackElo "2149"]
[PlyCount "74"]
[EventDate "2009.04.02"]
[EventType "team-tourn"]
[EventRounds "7"]
[EventCountry "RUS"]
[SourceTitle "CBM 129 Extra"]
[Source "ChessBase"]
[SourceDate "2009.05.05"]
[SourceVersion "2"]
[SourceVersionDate "2009.05.20"]
[SourceQuality "1"]

1. e4 c5 2. Nf3 d6 3. d4 cxd4 4. Nxd4 Nf6 5. Nc3 a6 6. Be3 e6 7. g4 b5 8. g5 Nfd7 9. f4 Bb7 10. Qf3 Nb6 11. 0-0-0 b4 12. Nb1 Qc7 13. Nd2 N8d7 14. h4 Rc8 15. Bd3 Nc5 16. Kb1 Nba4 17. N2b3 e5 18. fxe5 dxe5 19. Nxc5 exd4 20. Nxa4 dxe3 21. Qxe3 Qc6 22. b3 Be7 23. Rhe1 0-0 24. Nb2 Bc5 25. Qe2 Bd4 26. Bc4 Bc3 27. Bd5 Qc7 28. Rf1 Bxb2 29. Kxb2 a5 30. Bxb7 Qxb7 31. Rd5 Qc7 32. Qd3 Qh2 33. Rxa5 Rc3 34. Qd1 Rfc8 35. Rh1 Rxc2+ 36. Ka1 Qc7 37. Qd3 Qxa5 0-1

[Event "RUS-chT (Women) 10th"]
[Site "Dagomys"]
[Date "2009.04.05"]
[Round "4"]
[White "Avdeeva, Veronika"]
[Black "Lagno, Kateryna"]
[Result "0-1"]
[WhiteElo "2149"]
[BlackElo "2478"]
[PlyCount "91"]
[EventDate "2009.04.02"]
[EventType "team-tourn"]
[EventRounds "7"]
[EventCountry "RUS"]
[SourceTitle "CBM 129 Extra"]
[Source "ChessBase"]
[SourceDate "2009.05.05"]
[SourceVersion "2"]
[SourceVersionDate "2009.05.20"]
[SourceQuality "1"]

1. d4 Nf6 2. c4 g6 3. Nc3 Bg7 4. e4 d6 5. h3 0-0 6. Bg5 Qe8 7. Bd3 e5 8. d5 a5 9. Nge2 Na6 10. 0-0 Nh5 11. Qd2 f5 12. exf5 gxf5 13. f4 e4 14. Bc2 Kh8 15. Kh2 Rg8 16. Nd1 Qg6 17. Rg1 Bd7 18. Rc1 Rae8 19. b3 Nb4 20. Bb1 Nf6 21. Ne3 Nd3 22. Bxf6 Qxf6 23. Rcf1 Nc5 24. Qxa5 Qb2 25. Qe1 Nd3 26. Qd1 b5 27. Qc2 Qf6 28. Qd2 Nc5 29. Rc1 bxc4 30. Nxc4 e3 31. Qd1 Qh4 32. Qe1 Qh6 33. Rd1 Ne4 34. Bxe4 Rxe4 35. Rd3 Bb5 36. Rxe3 Rxe3 37. Nxe3 Re8 38. Nxf5 Qg6 39. Nxg7 Qxg7 40. Qb4 Bxe2 41. Re1 Qb2 42. Qa4 Re7 43. Kh1 Qd2 44. Rg1 Qxd5 45. Qb4 Qe4 46. Qc3+ 0-1

[Event "Saratov Rating 01"]
[Site "Saratov"]
[Date "2009.01.26"]
[Round "7"]
[White "Avdeeva, Veronika"]
[Black "Smirnov, Alexandr A"]
[Result "1-0"]
[WhiteElo "2120"]
[BlackElo "2161"]
[PlyCount "69"]
[EventDate "2009.01.20"]
[EventType "tourn"]
[EventRounds "7"]
[EventCountry "RUS"]
[SourceTitle "EXT 2022"]
[Source "ChessBase"]
[SourceDate "2021.10.06"]
[SourceVersion "1"]
[SourceVersionDate "2021.10.06"]
[SourceQuality "1"]

1. d4 Nf6 2. c4 g6 3. Nc3 Bg7 4. e4 d6 5. h3 0-0 6. Bg5 Nbd7 7. Nf3 c5 8. d5 Qa5 9. Bd3 a6 10. 0-0 Ne5 11. Nxe5 dxe5 12. Qf3 h6 13. Be3 Bd7 14. a3 Nh5 15. Ne2 Qc7 16. b4 b6 17. Rab1 Rab8 18. Rb3 cxb4 19. axb4 f5 20. c5 bxc5 21. Bxc5 Nf6 22. exf5 e4 23. Bxe4 Nxe4 24. Qxe4 Bxf5 25. Qc4 Kh7 26. Nd4 a5 27. b5 Bxd4 28. Qxd4 Rfc8 29. Rc1 Qd7 30. b6 Be6 31. Rd1 Rd8 32. Qe5 Bf7 33. Rf3 Qe8 34. Rd4 Bg8 35. Rdd3 1-0

[Event "Saratov op"]
[Site "Saratov"]
[Date "2008.12.18"]
[Round "6"]
[White "Muromtsev, Arthur"]
[Black "Avdeeva, Veronika"]
[Result "1-0"]
[WhiteElo "2256"]
[BlackElo "2102"]
[PlyCount "119"]
[EventDate "2008.12.13"]
[EventType "swiss"]
[EventRounds "9"]
[EventCountry "RUS"]
[SourceTitle "EXT 2010"]
[Source "ChessBase"]
[SourceDate "2010.11.25"]
[SourceVersion "1"]
[SourceVersionDate "2010.11.25"]
[SourceQuality "1"]

1. e4 c5 2. Nc3 e6 3. Nf3 d6 4. d4 cxd4 5. Nxd4 Nf6 6. Be3 a6 7. Bd3 b5 8. a3 Bb7 9. f4 Nbd7 10. Qf3 Rc8 11. f5 e5 12. Nde2 Nc5 13. Bg5 Be7 14. 0-0 0-0 15. Kh1 Nfd7 16. Bxe7 Qxe7 17. Ng3 Nf6 18. Nh5 Nxh5 19. Qxh5 f6 20. Rad1 Rfd8 21. Qf3 Qf7 22. Be2 Bc6 23. b4 Nb7 24. Rd2 Rd7 25. Rfd1 Qe7 26. a4 Nd8 27. axb5 axb5 28. Nxb5 Rb8 29. Qb3+ d5 30. Nc3 Qxb4 31. Nxd5 Qxb3 32. cxb3 Bxd5 33. Rxd5 Rxd5 34. Rxd5 Nc6 35. Bc4 Kf8 36. Rd7 Ra8 37. h3 Ra7 38. Rd6 Rc7 39. Bd5 Nb4 40. Bc4 Nc6 41. Kg1 Ke7 42. Re6+ Kf8 43. Kf2 Nd4 44. Rb6 Ke7 45. g4 Ra7 46. h4 h6 47. g5 hxg5 48. hxg5 Rd7 49. Kg3 Rd6 50. Rb7+ Rd7 51. Rb6 Rd6 52. Rb4 Nc2 53. Ra4 Rd7 54. Kh4 Nd4 55. Kh5 Nf3 56. gxf6+ gxf6 57. Kg6 Nd4 58. Ra6 Rb7 59. Rxf6 Rb4 60. Ra6 1-0

[Event "Saratov op"]
[Site "Saratov"]
[Date "2008.12.17"]
[Round "5"]
[White "Avdeeva, Veronika"]
[Black "Matinian, Nikita"]
[Result "1/2-1/2"]
[WhiteElo "2102"]
[BlackElo "2361"]
[PlyCount "191"]
[EventDate "2008.12.13"]
[EventType "swiss"]
[EventRounds "9"]
[EventCountry "RUS"]
[SourceTitle "EXT 2010"]
[Source "ChessBase"]
[SourceDate "2010.11.25"]
[SourceVersion "1"]
[SourceVersionDate "2010.11.25"]
[SourceQuality "1"]

1. d4 Nf6 2. c4 e6 3. Nc3 Bb4 4. Qc2 c5 5. dxc5 0-0 6. a3 Bxc5 7. Nf3 a5 8. Bg5 b6 9. e3 h6 10. Bh4 Bb7 11. Bd3 Be7 12. 0-0 Na6 13. Qe2 d6 14. Rfd1 Nc5 15. Bc2 Rc8 16. Rac1 Ba6 17. b4 Ncd7 18. Bd3 Qc7 19. Na2 Rfd8 20. h3 Qb8 21. Nc3 Qc7 22. Qd2 Qa7 23. Qe2 Qa8 24. Ne4 Bb7 25. Nxf6+ Bxf6 26. Bg3 Be7 27. Bb1 Nf6 28. Bh4 axb4 29. axb4 Qa4 30. b5 d5 31. cxd5 Bxd5 32. Rxc8 Rxc8 33. Nd4 Rc3 34. Bc2 Qc4 35. Qxc4 Rxc4 36. Bd3 Rc5 37. Ra1 g5 38. Bg3 Rc3 39. Be2 Ne4 40. Be5 Rc8 41. Ra7 Bb4 42. Bh5 Rc1+ 43. Kh2 f6 44. Bg3 Nd2 45. Be2 Nf1+ 46. Bxf1 Rxf1 47. Nc6 Bc5 48. Ne7+ Bxe7 49. Rxe7 Rb1 50. Re8+ Kf7 51. Rb8 Rxb5 52. Bc7 Rb2 53. Bxb6 Be4 54. Kg1 Rb1+ 55. Kh2 Rb2 56. Kg1 h5 57. Ba7 Rc2 58. Rb4 Bc6 59. Rb1 Kg6 60. Bd4 e5 61. Bb6 g4 62. hxg4 hxg4 63. g3 Be4 64. Ra1 Rc8 65. Kf1 Bf3 66. Ke1 Rc2 67. Ba7 Rc7 68. Bb6 Rh7 69. Kd2 Rh2 70. e4 Bxe4 71. Ke3 Bf3 72. Ra6 Rh1 73. Bc5 Re1+ 74. Kd2 Re2+ 75. Kd3 Kf7 76. Ra1 Rb2 77. Be3 Rb5 78. Ra6 Rd5+ 79. Kc3 Kg6 80. Rb6 Kf5 81. Kc2 Rd7 82. Kc3 Be4 83. Kb3 Rc7 84. Rd6 Bb7 85. Bb6 Rf7 86. Bd8 Bc8 87. Kc3 Be6 88. Kd2 Ra7 89. Ke3 Ra3+ 90. Rd3 Ra4 91. Be7 Re4+ 92. Kd2 Kg6 93. Bc5 Kf5 94. Rd6 Rc4 95. Bb6 Ra4 96. Bc5 1/2-1/2

[Event "Saratov op"]
[Site "Saratov"]
[Date "2008.12.15"]
[Round "3"]
[White "Avdeeva, Veronika"]
[Black "Bolychevsky, Alexander"]
[Result "1-0"]
[WhiteElo "2102"]
[BlackElo "1807"]
[PlyCount "79"]
[EventDate "2008.12.13"]
[EventType "swiss"]
[EventRounds "9"]
[EventCountry "RUS"]
[SourceTitle "EXT 2010"]
[Source "ChessBase"]
[SourceDate "2010.11.25"]
[SourceVersion "1"]
[SourceVersionDate "2010.11.25"]
[SourceQuality "1"]

1. d4 d5 2. c4 c6 3. e3 Nf6 4. Nc3 a6 5. Qc2 b5 6. b3 g6 7. Bd3 Bg7 8. Nf3 Nbd7 9. 0-0 Bb7 10. Bb2 0-0 11. Rfd1 Qc7 12. Rac1 Rac8 13. Ba3 Rfe8 14. e4 Qa5 15. Bb2 dxe4 16. Nxe4 Nxe4 17. Bxe4 Nf6 18. Bd3 e6 19. a3 Red8 20. Qe2 Qb6 21. h3 Nh5 22. Qd2 a5 23. Bc3 Ra8 24. Qe3 b4 25. c5 Qc7 26. axb4 axb4 27. Bxb4 Ba6 28. Bxa6 Rxa6 29. Ra1 Rda8 30. Rxa6 Rxa6 31. Bd2 Nf6 32. b4 Nd5 33. Qd3 Qa7 34. b5 Ra1 35. Rxa1 Qxa1+ 36. Kh2 cxb5 37. Qxb5 Bxd4 38. Nxd4 Qxd4 39. Bh6 Qe5+ 40. f4 1-0

[Event "Saratov Region-ch (Women)"]
[Site "Saratov"]
[Date "2008.11.24"]
[Round "5"]
[White "Iljushina, Olga"]
[Black "Avdeeva, Veronika"]
[Result "1-0"]
[WhiteElo "2311"]
[BlackElo "2102"]
[PlyCount "147"]
[EventDate "2008.11.20"]
[EventType "swiss"]
[EventRounds "9"]
[EventCountry "RUS"]
[SourceTitle "EXT 2022"]
[Source "ChessBase"]
[SourceDate "2021.10.06"]
[SourceVersion "1"]
[SourceVersionDate "2021.10.06"]
[SourceQuality "1"]

1. d4 d5 2. c4 c6 3. Nf3 Nf6 4. Nc3 dxc4 5. e3 b5 6. a4 b4 7. Na2 e6 8. Bxc4 Be7 9. 0-0 0-0 10. Qe2 Nbd7 11. Bd2 a5 12. Nc1 Ne4 13. Be1 Qc7 14. Nb3 Bb7 15. Bd3 Nef6 16. e4 c5 17. e5 Nd5 18. Bd2 Qb6 19. dxc5 Nxc5 20. Nxc5 Bxc5 21. Ng5 g6 22. Rac1 Bd4 23. Rc4 Rac8 24. Rxc8 Rxc8 25. Qf3 Rc7 26. Qh3 h5 27. Qg3 Bxb2 28. Nxf7 Rxf7 29. Qxg6+ Kf8 30. Bh6+ Ke7 31. Bg5+ Kf8 32. Bh6+ Ke7 33. Qxh5 Ba6 34. Bg5+ Ke8 35. Bg6 Bxf1 36. Qh8+ Kd7 37. Bxf7 Kc6 38. Qc8+ Nc7 39. Be3 Qa6 40. Be8+ Kd5 41. Qd7+ Kc4 42. Qxc7+ Kb3 43. Qd6 Bc4 44. Bd7 Qxd6 45. exd6 Be5 46. Bc5 Ka2 47. Be8 b3 48. d7 Bf6 49. Bg6 Bd8 50. g3 b2 51. h4 Bb3 52. Bd4 Bxa4 53. h5 b1Q+ 54. Bxb1+ Kxb1 55. f4 Bd1 56. h6 Bc2 57. g4 Bg6 58. g5 a4 59. Bf6 Bb6+ 60. Kg2 a3 61. d8Q Bxd8 62. Bxd8 e5 63. Bf6 e4 64. Kg3 Bf5 65. g6 Bxg6 66. Kg4 Kc2 67. f5 Bxf5+ 68. Kxf5 e3 69. h7 e2 70. Bh4 a2 71. h8Q Kb1 72. Qb8+ Kc2 73. Qc7+ Kb1 74. Qb6+ 1-0

[Event "Saratov Region-ch (Women)"]
[Site "Saratov"]
[Date "2008.11.21"]
[Round "2"]
[White "Avdeeva, Veronika"]
[Black "Ekhaeva, Polina"]
[Result "0-1"]
[WhiteElo "2102"]
[BlackElo "2017"]
[PlyCount "52"]
[EventDate "2008.11.20"]
[EventType "swiss"]
[EventRounds "9"]
[EventCountry "RUS"]
[SourceTitle "EXT 2022"]
[Source "ChessBase"]
[SourceDate "2021.10.06"]
[SourceVersion "1"]
[SourceVersionDate "2021.10.06"]
[SourceQuality "1"]

1. d4 d5 2. c4 c6 3. e3 Nf6 4. Nc3 a6 5. Qc2 e6 6. Nf3 Bd6 7. Be2 Nbd7 8. 0-0 0-0 9. b3 b6 10. e4 e5 11. dxe5 Nxe5 12. exd5 cxd5 13. Nxd5 Nxd5 14. cxd5 Qf6 15. Bb2 Nxf3+ 16. Bxf3 Qf4 17. Rfe1 Bd7 18. a4 Qxh2+ 19. Kf1 Rfe8 20. Re3 Rac8 21. Qd3 Bc5 22. Bd4 Bxd4 23. Qxd4 Rc2 24. Rxe8+ Bxe8 25. g3 Bd7 26. Bg2 Bh3 0-1